[Event "ch-FRA Blitz Online Qual"]
[Site "Europe-Chess INT"]
[Date "2020.05.16"]
[Round "6"]
[White "Eveno, Nathan"]
[Black "Kirk, Ezra"]
[Result "0-1"]
[BlackTitle "IM"]
[WhiteElo "2069"]
[BlackElo "2447"]
[WhiteFideId "45132178"]
[BlackFideId "600067"]
[EventDate "2020.05.16"]

1. e4 e6 2. d4 d5 3. Nc3 Nf6 4. e5 Nfd7 5. f4 c5 6. Nf3 Nc6 7. Be3 Be7 8. Qd2
O-O 9. dxc5 Bxc5 10. Bxc5 Nxc5 11. O-O-O Qa5 12. Kb1 Rd8 13. Nd4 a6 14. h4 Bd7
15. g4 Nxd4 16. Qxd4 Ne4 17. Rh3 Bc6 18. Rhd3 Rd7 19. Bg2 b5 20. Qe3 Nxc3+ 21.
bxc3 d4 22. Qf2 Bxg2 23. Qxg2 Rc8 24. Rxd4 Rxd4 25. Rxd4 Qxc3 26. Qd2 Qc7 27.
Rd7 Qb6 28. Qd6 Qg1+ 29. Kb2 h6 30. Rd8+ Rxd8 31. Qxd8+ Kh7 32. Qd3+ g6 33. g5
Qf2 34. Qe4 Qxh4 35. gxh6 Kxh6 36. Kb3 Kg7 37. Kb4 Qg3 38. c3 Qf2 39. Qd4 Qxa2
40. Qb6 Qa4+ 41. Kc5 Qc4+ 42. Kd6 Qxc3 43. Qxa6 b4 44. Qb7 b3 45. Ke7 Qc5+ 46.
Ke8 Qf8+ 47. Kd7 Qa3 48. Ke8 Qa4+ 49. Ke7 b2 50. Qxb2 Qxf4 51. Qb8 Qg5+ 52. Kd7
Qf5 53. Qd6 g5 54. Ke8 Kg6 55. Kf8 g4 56. Kg8 Kg5 57. Qd2+ Kh4 58. Qh2+ Kg5 59.
Qd2+ Qf4 60. Qd8+ Kh5 61. Qf6 Qxf6 62. exf6 g3 63. Kxf7 g2 64. Kxe6 g1=Q 65. f7
Qc5 0-1

[Event "ch-FRA Blitz Online Qual"]
[Site "Europe-Chess INT"]
[Date "2020.05.16"]
[Round "6"]
[White "Vlachos, Anatole"]
[Black "Lissillour, Baptiste"]
[Result "1-0"]
[WhiteTitle "IM"]
[WhiteElo "2401"]
[BlackElo "1731"]
[WhiteFideId "26093189"]
[BlackFideId "45179620"]
[EventDate "2020.05.16"]

1. f4 e5 2. fxe5 d6 3. exd6 Bxd6 4. Nf3 Nc6 5. c3 Bg4 6. d4 Bxf3 7. exf3 Qh4+ 8.
Kd2 O-O-O 9. Kc2 Nf6 10. Bb5 Qh5 11. Bd3 Rhe8 12. Bd2 Nd5 13. Na3 Ne3+ 14. Bxe3
Rxe3 15. Nc4 Re6 16. g4 Qd5 17. b3 Kb8 18. Be4 Rxe4 19. fxe4 Qxe4+ 20. Qd3 Qg2+
21. Qd2 Qxg4 22. Kb2 Bf4 23. Qc2 Qd7 24. Rad1 g6 25. Rhf1 Bh6 26. d5 Ne7 27. Ne5
Qb5 28. Nxf7 Rxd5 29. Nxh6 Rxd1 30. Rf8+ Nc8 31. Qxd1 a6 32. Rf2 Ka7 33. Qe2 Qg5
34. Ng4 Ka8 35. Ne3 Qe7 36. Nd5 Qc5 37. Ne3 Nd6 38. Rf1 Ne4 39. Rc1 Qe5 40. Qd3
Qxh2+ 41. Rc2 Qe5 42. Qd8+ Ka7 43. Qd4+ Qxd4 44. cxd4 Nd6 45. Rxc7 h5 46. Rg7
Nb5 47. Rxg6 Nxd4 48. Rh6 Nf5 49. Nxf5 1-0

[Event "ch-FRA Blitz Online Qual"]
[Site "Europe-Chess INT"]
[Date "2020.05.16"]
[Round "6"]
[White "Geronimi, Jean-Thomas"]
[Black "Sochacki, Wojtek"]
[Result "0-1"]
[BlackTitle "IM"]
[WhiteElo "1827"]
[BlackElo "2320"]
[WhiteFideId "36098515"]
[BlackFideId "651389"]
[EventDate "2020.05.16"]

1. e4 c5 2. Nf3 d6 3. d4 cxd4 4. Nxd4 Nf6 5. Nc3 g6 6. f3 Bg7 7. Be3 O-O 8. Qd2
Nc6 9. O-O-O d5 10. exd5 Nxd5 11. Nxc6 bxc6 12. Nxd5 cxd5 13. Qxd5 Qc7 14. Qc5
Qb7 15. Bd4 Bf5 16. Qb5 Qc7 17. Qc5 Qb8 18. Bxg7 Rc8 19. Be5 Rxc5 20. Bxb8 Rxc2+
21. Kb1 Rxb8 22. Bd3 Rbxb2+ 23. Ka1 Rxa2+ 24. Kb1 Bxd3 25. Rxd3 Rxg2 26. Rd8+
Kg7 27. Rb8 Rxh2 28. Re1 e6 29. Rb7 Ra6 30. Rc1 Rb6+ 31. Rxb6 axb6 32. Rc6 Rf2
33. Rxb6 Rxf3 34. Kc2 h5 35. Kd2 h4 36. Ke2 Ra3 37. Rb4 g5 38. Kf2 Kg6 39. Kg2
f5 40. Rb6 Kf6 41. Rb5 g4 42. Kh2 Kg5 43. Kg2 Ra2+ 44. Kg1 h3 45. Rb4 g3 46. Kf1
Ra1+ 47. Ke2 g2 0-1

[Event "ch-FRA Blitz Online Qual"]
[Site "Europe-Chess INT"]
[Date "2020.05.16"]
[Round "6"]
[White "Coiffait, Pierre-Basile"]
[Black "Loiseau, Quentin"]
[Result "1-0"]
[BlackTitle "IM"]
[WhiteElo "2261"]
[BlackElo "2457"]
[WhiteFideId "20665342"]
[BlackFideId "665274"]
[EventDate "2020.05.16"]

1. e4 c5 2. Nf3 d6 3. d4 cxd4 4. Nxd4 Nf6 5. f3 e6 6. c4 a6 7. Nc3 b6 8. Be3 Bb7
9. Be2 Be7 10. O-O O-O 11. Qd2 Nbd7 12. Rfc1 Re8 13. a4 d5 14. cxd5 exd5 15.
exd5 Bc5 16. Nf5 Nxd5 17. Nxd5 Bxd5 18. Qxd5 Bxe3+ 19. Nxe3 Rxe3 20. Kf2 Qe8 21.
Qd2 Nc5 22. Qxe3 Qd7 23. b4 Ne6 24. Bc4 Nf8 25. Rd1 Qc7 26. Rac1 Rb8 27. Qb3 Qe7
28. Re1 Qf6 29. Rcd1 g6 30. Qd3 b5 31. axb5 axb5 32. Bxb5 Qb6+ 33. Re3 Ne6 34.
Bc4 Nf4 35. Qd7 Rb7 36. Qd8+ Qxd8 37. Rxd8+ Kg7 38. b5 h5 39. Be2 g5 40. g3 Ne6
41. Rc8 Kf6 42. Ra3 g4 43. Ra6 gxf3 44. Kxf3 Kg5 45. Kf2 Nd4 46. Rc5+ f5 47. h4# 1-0

[Event "ch-FRA Blitz Online Qual"]
[Site "Europe-Chess INT"]
[Date "2020.05.16"]
[Round "6"]
[White "Duquesne, Adrien"]
[Black "Milliet, Sophie"]
[Result "0-1"]
[BlackTitle "IM"]
[WhiteElo "2147"]
[BlackElo "2401"]
[WhiteFideId "20650582"]
[BlackFideId "623725"]
[EventDate "2020.05.16"]

1. d4 Nf6 2. c4 c5 3. d5 g6 4. Nc3 Bg7 5. e4 d6 6. Nf3 O-O 7. h3 e6 8. Bd3 Nbd7
9. O-O e5 10. Bc2 h6 11. Ne1 a6 12. a3 Nh7 13. b4 f5 14. Rb1 f4 15. Ba4 b6 16.
Bc6 Ra7 17. bxc5 bxc5 18. Bd2 g5 19. f3 h5 20. Nd3 g4 21. fxg4 hxg4 22. Qxg4
Ndf6 23. Qh4 Qe7 24. Rb8 Nxd5 25. Qxe7 Nxe7 26. Rfb1 Nxc6 27. R8b6 Nd4 28. Nd5
Rd7 29. Ba5 Ng5 30. Rb8 Nxe4 31. Ra8 Bb7 32. Rxf8+ Kxf8 33. Nb6 Rf7 34. Na4 f3
35. Rb6 f2+ 0-1

[Event "ch-FRA Blitz Online Qual"]
[Site "Europe-Chess INT"]
[Date "2020.05.16"]
[Round "6"]
[White "Iglesias, Christophe"]
[Black "Barseghyan, Harutyun"]
[Result "0-1"]
[BlackTitle "IM"]
[WhiteElo "1815"]
[BlackElo "2463"]
[WhiteFideId "551007584"]
[BlackFideId "13304585"]
[EventDate "2020.05.16"]

1. e4 e6 2. d3 d5 3. Nd2 Nf6 4. Ngf3 g6 5. g3 c5 6. Bg2 Bg7 7. O-O O-O 8. Re1
Nc6 9. c3 b6 10. e5 Nd7 11. d4 a5 12. Nf1 Ba6 13. h4 cxd4 14. cxd4 Nb4 15. a3
Nd3 16. Bg5 Qc7 17. Re2 h6 18. Rc2 Qb7 19. Be3 Rfc8 20. Rd2 Qc6 21. Rxd3 Bxd3
22. Qxd3 Qc2 23. Qxc2 Rxc2 24. Rb1 b5 25. N1h2 Nb6 26. Ng4 h5 27. Nf6+ Bxf6 28.
exf6 Nc4 29. Bf1 Rb8 30. Bxc4 bxc4 31. Bc1 Rc3 32. Nd2 Rd3 33. Kf1 c3 0-1

[Event "ch-FRA Blitz Online Qual"]
[Site "Europe-Chess INT"]
[Date "2020.05.16"]
[Round "6"]
[White "Pichon, Ewen"]
[Black "Daulyte-Cornette, Deimante"]
[Result "0-1"]
[BlackTitle "IM"]
[WhiteElo "1821"]
[BlackElo "2400"]
[WhiteFideId "45155593"]
[BlackFideId "12802859"]
[EventDate "2020.05.16"]

1. d4 Nf6 2. c4 e6 3. Nc3 Bb4 4. e3 d5 5. cxd5 exd5 6. Ne2 Bf5 7. a3 Bd6 8. g3
O-O 9. Bg2 c6 10. O-O Re8 11. f3 Nbd7 12. g4 Bg6 13. h4 h6 14. f4 Be4 15. g5
Bxg2 16. Kxg2 Ne4 17. Nxe4 Rxe4 18. Nc3 Re8 19. Qg4 hxg5 20. hxg5 Nf8 21. Rh1
Qd7 22. f5 Ng6 23. Qh3 Qd8 24. fxg6 Qxg5+ 25. Kf1 fxg6 26. Qh7+ Kf7 27. Bd2 Rh8
28. Qxh8 Rxh8 29. Rxh8 Qf5+ 30. Ke2 Qc2 31. Rf1+ Ke7 32. b4 a5 33. bxa5 Bxa3 34.
Rh7 Bb2 35. Rxg7+ Ke6 36. Rxg6+ Qxg6 37. Na4 Qc2 38. Nc5+ Ke7 39. Nxb7 Bc3 40.
Rd1 Bxd2 41. Rxd2 Qc4+ 42. Kf2 Qb4 43. Rc2 Qxb7 44. Rc5 Kd6 45. Kf3 Qa6 46. Kf4
Qf1+ 47. Kg3 Qe2 48. Rc3 Qe1+ 0-1

[Event "ch-FRA Blitz Online Qual"]
[Site "Europe-Chess INT"]
[Date "2020.05.16"]
[Round "6"]
[White "Cadieu, Corentin"]
[Black "Batsiashvili, Nino"]
[Result "0-1"]
[BlackTitle "GM"]
[WhiteElo "1524"]
[BlackElo "2457"]
[WhiteFideId "26023180"]
[BlackFideId "13602993"]
[EventDate "2020.05.16"]

1. d4 d5 2. Bf4 c5 3. c3 Nc6 4. Nf3 Qb6 5. Qd2 Nf6 6. e3 Ne4 7. Qc1 Bf5 8. Nbd2
e6 9. Nxe4 Bxe4 10. Be2 Be7 11. O-O O-O 12. Ne5 Nxe5 13. Bxe5 Rfc8 14. Qd2 Bd6
15. Bxd6 Qxd6 16. Bd3 Bxd3 17. Qxd3 cxd4 18. exd4 Rab8 19. Rfe1 b5 20. a3 a5 21.
Re5 b4 22. axb4 axb4 23. g3 bxc3 24. bxc3 Rb3 25. Qa6 Qxa6 26. Rxa6 Rbxc3 27.
Ra4 R3c4 28. Ra7 Rxd4 29. Re3 g5 30. Rf3 Rf8 31. Kg2 Kg7 32. Re3 Kg6 33. Re5 h6
34. Ra5 Rc8 35. h4 gxh4 36. gxh4 Rxh4 37. Ra6 Rcc4 38. Rxd5 Rhf4 39. Rd7 Rc2 40.
Rd8 Rcxf2+ 41. Kg3 Kg7 42. Rd7 R2f3+ 43. Kg2 Kg6 44. Rd8 Rf5 45. Rg8+ Kf6 46.
Rh8 h5 47. Rxh5 Rxh5 48. Kxf3 Kf5 49. Ra5+ e5 50. Ra7 f6 51. Ra5 Rh3+ 52. Kg2
Rc3 53. Kf2 Kf4 54. Ke2 e4 55. Rh5 f5 56. Rh4+ Ke5 57. Kd2 Ra3 58. Rh5 e3+ 59.
Ke2 Ke4 60. Rh8 Ra2+ 61. Ke1 f4 62. Kf1 f3 63. Re8+ Kf4 64. Rf8+ Kg4 65. Rg8+
Kh5 66. Rh8+ Kg6 67. Kg1 Ra1+ 68. Kh2 e2 0-1

[Event "ch-FRA Blitz Online Qual"]
[Site "Europe-Chess INT"]
[Date "2020.05.16"]
[Round "6"]
[White "Dourerassou, Jonathan"]
[Black "Cahen, Alexis"]
[Result "0-1"]
[WhiteTitle "GM"]
[WhiteElo "2477"]
[BlackElo "2122"]
[WhiteFideId "628050"]
[BlackFideId "26076918"]
[EventDate "2020.05.16"]

1. e4 c5 2. Nc3 g6 3. h4 h5 4. Bc4 Bg7 5. Nf3 Nc6 6. d3 e6 7. Be3 b6 8. d4 cxd4
9. Nxd4 Nge7 10. Ndb5 O-O 11. Nd6 Ne5 12. Be2 a6 13. f4 N5c6 14. a4 Qc7 15. O-O
f5 16. e5 Bb7 17. Bf3 Nc8 18. Nxc8 Raxc8 19. Qd2 Rb8 20. Rad1 Rfd8 21. Qd6 Qxd6
22. Rxd6 Bf8 23. Rd2 d5 24. Bxb6 Rd7 25. Rfd1 Ba8 26. a5 Bb4 27. Nxd5 exd5 28.
Rxd5 Rxd5 29. Rxd5 Nxa5 30. Bxa5 Bxd5 31. Bxd5+ Kf8 32. Bc7 Bc5+ 33. Kf1 Rxb2
34. Bb3 Rb1+ 35. Ke2 Ke7 36. Ba5 Rg1 37. Bd5 Rh1 38. Be1 a5 39. Bxa5 Rxh4 40.
Bd2 Rg4 41. Bf3 Rh4 42. Be1 Rh1 43. c4 Bd4 44. Bb4+ Kd8 45. e6 Bf6 46. Bd5 Rb1
47. Ba5+ Ke8 48. Bc7 Bd8 49. Be5 Be7 50. Kd3 Rd1+ 51. Kc3 Re1 52. Kd4 h4 53. c5
Rd1+ 54. Kc4 Rc1+ 55. Kb5 Rxc5+ 56. Kb6 Rxd5 57. Kc6 Rd2 0-1

[Event "ch-FRA Blitz Online Qual"]
[Site "Europe-Chess INT"]
[Date "2020.05.16"]
[Round "6"]
[White "Chabradze, Boris"]
[Black "Bailet, Pierre"]
[Result "0-1"]
[BlackTitle "IM"]
[WhiteElo "2101"]
[BlackElo "2500"]
[WhiteFideId "13603019"]
[BlackFideId "655830"]
[EventDate "2020.05.16"]

1. e4 e5 2. Nf3 Nc6 3. Nc3 Nf6 4. d4 exd4 5. Nd5 Be7 6. Nxd4 O-O 7. Nxf6+ Bxf6
8. Nxc6 dxc6 9. Qxd8 Rxd8 10. Bd3 c5 11. O-O Be6 12. Be3 Bxb2 13. Rab1 Bd4 14.
Bxd4 cxd4 15. Rxb7 c5 16. a3 c4 17. Be2 g5 18. Rd1 Rab8 19. Rxb8 Rxb8 20. Rxd4
Rb2 21. Bd1 Ra2 22. g3 g4 23. Kf1 Rxa3 24. Ke2 Kg7 25. Kd2 Kf6 26. Be2 Ke5 27.
c3 Ra2+ 28. Ke3 Rc2 29. Bxc4 Rxc3+ 30. Bd3 Bb3 31. Kd2 Kxd4 0-1

[Event "ch-FRA Blitz Online Qual"]
[Site "Europe-Chess INT"]
[Date "2020.05.16"]
[Round "6"]
[White "Testud, Philippe"]
[Black "Parligras, Mircea-Emilian"]
[Result "1/2-1/2"]
[BlackTitle "GM"]
[WhiteElo "2123"]
[BlackElo "2591"]
[WhiteFideId "611409"]
[BlackFideId "1204297"]
[EventDate "2020.05.16"]

1. d4 Nf6 2. Nf3 d5 3. Bf4 c5 4. e3 Nc6 5. Nbd2 cxd4 6. exd4 Bf5 7. c3 e6 8. Bb5
Be7 9. Ne5 Qb6 10. Qa4 Rc8 11. Nxc6 bxc6 12. Ba6 Rd8 13. O-O O-O 14. b4 Ne4 15.
Nxe4 Bxe4 16. f3 Bg6 17. Rfe1 Rfe8 18. Bf1 Bf6 19. Qa6 h5 20. Qxb6 axb6 21. a4
Ra8 22. Bc7 Bd8 23. Bxd8 Rexd8 24. a5 b5 25. Rad1 Re8 26. Kf2 h4 27. f4 Be4 28.
Re3 f6 29. Bd3 Bxd3 30. Rdxd3 Kf7 31. Rh3 Rh8 32. Rde3 Rae8 33. Kf3 Rh6 34. Kf2
Kg6 35. Rhf3 Kf5 36. Kg1 Rg6 37. Kf2 Rg4 38. g3 Rh8 39. Kg2 hxg3 40. hxg3 Rg6
41. Rf2 Rgh6 42. Kf3 Rh3 43. Rfe2 Re8 44. Kg2 Rhh8 45. Kf3 Rh3 46. Kg2 Rhh8 47.
Kf3 Rh3 1/2-1/2

[Event "ch-FRA Blitz Online Qual"]
[Site "Europe-Chess INT"]
[Date "2020.05.16"]
[Round "6"]
[White "Joie, Sebastien"]
[Black "Kovacs, Klara"]
[Result "1-0"]
[WhiteTitle "IM"]
[BlackTitle "WIM"]
[WhiteElo "2393"]
[BlackElo "2154"]
[WhiteFideId "650420"]
[BlackFideId "733210"]
[EventDate "2020.05.16"]

1. d4 e6 2. c4 Nf6 3. g3 d5 4. Nf3 Be7 5. Bg2 O-O 6. Nc3 c6 7. Qd3 Nbd7 8. O-O
b6 9. e4 Ba6 10. b3 Rc8 11. Rd1 c5 12. exd5 exd5 13. dxc5 Nxc5 14. Qf5 g6 15.
Qc2 Bb7 16. Ne5 Qc7 17. Bf4 Nh5 18. Nxg6 Nxf4 19. Nxf4 dxc4 20. Ncd5 Bxd5 21.
Nxd5 Qd6 22. Qxc4 Bf6 23. Rac1 Kh8 24. Qg4 Bg7 25. Qh4 Qe5 26. b4 Ne6 27. Ne3
Rxc1 28. Rxc1 Nd4 29. Qg4 h5 30. Qd1 Kg8 31. Kh1 a5 32. Nc4 Qf5 33. bxa5 bxa5
34. f4 Qg6 35. Ne5 Qf5 36. Qxd4 1-0

[Event "ch-FRA Blitz Online Qual"]
[Site "Europe-Chess INT"]
[Date "2020.05.16"]
[Round "6"]
[White "Janzelj, Lara"]
[Black "Valles Moreno, Ivan"]
[Result "0-1"]
[WhiteTitle "WIM"]
[BlackTitle "IM"]
[WhiteElo "2210"]
[BlackElo "2417"]
[WhiteFideId "14608391"]
[BlackFideId "2205688"]
[EventDate "2020.05.16"]

1. d4 Nf6 2. c4 g6 3. Nc3 Bg7 4. e4 d6 5. Be2 O-O 6. Nf3 Nbd7 7. Be3 e5 8. d5
Ng4 9. Bg5 f6 10. Bc1 a5 11. h3 Nh6 12. h4 Nc5 13. h5 g5 14. Qc2 Bd7 15. Be3 a4
16. Qc1 Ng4 17. Bd2 h6 18. Ng1 f5 19. f3 Nf6 20. Bxg5 hxg5 21. h6 Bh8 22. Qxg5+
Kh7 23. Nh3 fxe4 24. fxe4 Rg8 25. Qe3 Ng4 26. Qd2 Qh4+ 27. Kd1 Nf2+ 28. Nxf2
Qxf2 29. Rf1 Qd4 30. Rf7+ Kg6 31. Rf3 Qxd2+ 32. Kxd2 Bf6 33. Rh1 Bg5+ 34. Kc2
Rh8 35. Nb5 Bxb5 36. cxb5 Rxh6 37. Rxh6+ Bxh6 38. Rg3+ Kf6 39. Rf3+ Ke7 40. Rh3
Rh8 0-1

[Event "ch-FRA Blitz Online Qual"]
[Site "Europe-Chess INT"]
[Date "2020.05.16"]
[Round "6"]
[White "Trabet, Mathis"]
[Black "Di Nicolantonio, Lucas"]
[Result "0-1"]
[BlackTitle "IM"]
[WhiteElo "2118"]
[BlackElo "2414"]
[WhiteFideId "36041289"]
[BlackFideId "680460"]
[EventDate "2020.05.16"]

1. e4 c5 2. Nf3 d6 3. Bb5+ Nd7 4. c3 Nf6 5. Qe2 a6 6. Ba4 b5 7. Bc2 c4 8. O-O
Bb7 9. b3 Qc7 10. Na3 Nb6 11. Rb1 e6 12. bxc4 bxc4 13. Qe3 Nfd7 14. d4 cxd3 15.
Bxd3 Be7 16. Bb2 O-O 17. c4 Rfc8 18. Rfc1 Nc5 19. e5 Bxf3 20. Qxf3 dxe5 21. Bc3
Nxd3 22. Qxd3 Bxa3 23. Bxe5 Qxe5 24. Qxa3 Nxc4 25. Qf3 Nd2 26. Rxc8+ Rxc8 27.
Qb7 Qc3 28. Rd1 Qc1 0-1

[Event "ch-FRA Blitz Online Qual"]
[Site "Europe-Chess INT"]
[Date "2020.05.16"]
[Round "6"]
[White "Riff, Vincent"]
[Black "Fournier, Loic"]
[Result "1-0"]
[WhiteTitle "FM"]
[WhiteElo "2405"]
[BlackElo "2116"]
[WhiteFideId "617776"]
[BlackFideId "36013463"]
[EventDate "2020.05.16"]

1. e4 e6 2. d4 d5 3. Nd2 Nf6 4. e5 Nfd7 5. Bd3 c5 6. c3 Nc6 7. Ndf3 cxd4 8. cxd4
f6 9. exf6 Nxf6 10. Nh3 Bd6 11. O-O O-O 12. Re1 Qc7 13. Nhg5 Re8 14. Nxh7 Nxh7
15. Bxh7+ Kxh7 16. Ng5+ Kg6 17. Qd3+ Kf6 18. Qf3+ Ke7 19. Qf7+ Kd8 20. Nxe6+
Bxe6 21. Bg5+ Be7 22. Rxe6 Nxd4 23. Bxe7+ Rxe7 24. Qf8+ 1-0

[Event "ch-FRA Blitz Online Qual"]
[Site "Europe-Chess INT"]
[Date "2020.05.16"]
[Round "6"]
[White "Dumas, Charles"]
[Black "Jolly, Jean-Francois"]
[Result "0-1"]
[BlackTitle "IM"]
[WhiteElo "2284"]
[BlackElo "2378"]
[WhiteFideId "675733"]
[BlackFideId "634751"]
[EventDate "2020.05.16"]

1. e4 c5 2. Nf3 Nc6 3. Bb5 g6 4. Bxc6 bxc6 5. O-O Bg7 6. Re1 Nh6 7. c3 O-O 8. h3
f5 9. e5 Nf7 10. d3 d6 11. Bf4 h6 12. h4 Qc7 13. Na3 d5 14. Qd2 Kh7 15. Nc2 e6
16. Rab1 a5 17. c4 d4 18. a4 Rg8 19. Re2 Bf8 20. Kh2 Be7 21. Bg3 g5 22. hxg5
hxg5 23. Rh1 f4 24. Kg1+ Kg7 25. Bh2 Rb8 26. Na1 Rb4 27. b3 Rb8 28. Re4 Kf8 29.
Kf1 Rh8 30. Kg1 Ke8 31. g3 g4 32. Ne1 Ng5 33. Qxf4 Nh3+ 0-1

[Event "ch-FRA Blitz Online Qual"]
[Site "Europe-Chess INT"]
[Date "2020.05.16"]
[Round "6"]
[White "Fantinel, Thibault"]
[Black "Djidjeli, Sofiane"]
[Result "1/2-1/2"]
[WhiteTitle "IM"]
[WhiteElo "2375"]
[BlackElo "2209"]
[WhiteFideId "663395"]
[BlackFideId "36067520"]
[EventDate "2020.05.16"]

1. e4 e5 2. Nf3 Nf6 3. Nc3 Bb4 4. Nxe5 O-O 5. Nd3 Bxc3 6. dxc3 Nxe4 7. Be2 d5 8.
O-O c6 9. Be3 Nd7 10. Re1 Ndf6 11. Nf4 Re8 12. c4 dxc4 13. Bxc4 Qxd1 14. Raxd1
b5 15. Bb3 a5 16. a4 Ng5 17. Bd4 Be6 18. Nxe6 Nxe6 19. Bxf6 gxf6 20. Rd7 bxa4
21. Bxe6 Rxe6 22. Ra1 Rb8 23. g3 Rxb2 24. Rxa4 Rxc2 25. Rxa5 Ree2 26. Rf5 Kg7
27. Rd6 Re6 28. Rd7 Re5 29. Rf4 c5 30. Rc7 Rd5 31. Rc6 f5 32. Kg2 f6 33. Rc7+
Kg6 34. h4 Re5 35. Rf3 c4 36. Rf4 c3 37. Rf3 Ree2 38. Rc5 Re5 39. Rcxc3 Rxc3 40.
Rxc3 Rd5 41. Rc7 Rd6 42. Rc4 Rd5 43. Rc3 Rd6 44. Kf3 Rd5 45. Ke3 Re5+ 46. Kf4
Re4+ 47. Kf3 Re5 48. Rc4 Rd5 49. Rc8 Rd3+ 50. Ke2 Ra3 51. Rg8+ Kf7 52. Rb8 Kg6
53. Rb5 Rc3 54. Kd2 Ra3 55. Ke2 Rc3 56. Kf1 Ra3 57. Kg2 Rc3 58. Rb4 Ra3 59. Rf4
Rc3 60. Rf3 Rc2 61. Kh3 Rc1 62. Re3 Rh1+ 63. Kg2 Rc1 64. Re7 Rc4 65. Re3 Rc1 66.
f3 Rc2+ 67. Kh3 Rf2 68. g4 Rf1 69. Rb3 Rh1+ 70. Kg2 Rxh4 71. Kg3 Rh1 72. Rb5
fxg4 73. fxg4 Rg1+ 74. Kf4 Rf1+ 75. Kg3 Re1 76. Kf4 h6 77. Rc5 Rd1 78. Rb5 Rd4+
79. Kg3 Rd6 80. Kf3 Re6 81. Kf4 Re1 82. Kf3 Re5 83. Rb6 Kg5 84. Rb8 Ra5 85. Rg8+
Kh4 86. Rg6 Ra3+ 87. Kf4 Ra4+ 88. Kf5 Ra5+ 89. Kxf6 Ra6+ 90. Kg7 Rxg6+ 91. Kxg6
Kxg4 92. Kxh6 1/2-1/2

[Event "ch-FRA Blitz Online Qual"]
[Site "Europe-Chess INT"]
[Date "2020.05.16"]
[Round "6"]
[White "Richard, Emma"]
[Black "Macon, Arthur"]
[Result "0-1"]
[WhiteTitle "WFM"]
[BlackTitle "FM"]
[WhiteElo "2160"]
[BlackElo "2310"]
[WhiteFideId "657590"]
[BlackFideId "20654707"]
[EventDate "2020.05.16"]

1. e4 c6 2. Nf3 d5 3. Nc3 Bg4 4. h3 Bxf3 5. Qxf3 e6 6. Qe2 Nf6 7. d3 Bb4 8. Bd2
d4 9. Nb1 Bxd2+ 10. Nxd2 O-O 11. g3 c5 12. Bg2 Nc6 13. O-O Rc8 14. a4 Nb4 15.
Nc4 b6 16. f4 a6 17. e5 Ne8 18. Be4 b5 19. axb5 axb5 20. Na3 Nc7 21. c3 dxc3 22.
bxc3 Nbd5 23. Rfc1 g6 24. c4 bxc4 25. Nxc4 Nb5 26. Qf2 Nd4 27. Nd6 Rc7 28. Rab1
Qe7 29. Rc4 f6 30. Bxd5 exd5 31. Rcc1 fxe5 32. Nb5 Nxb5 33. Rxb5 exf4 34. gxf4
d4 35. Rbb1 Qf6 36. Rf1 Rcf7 37. Qg3 Qd6 38. Rb5 Rxf4 39. Rxf4 Rxf4 40. Qg5 Qf8
41. Qg2 Rf5 42. Rb7 Qe8 43. Qa2+ Rf7 44. Rxf7 Qxf7 45. Qa8+ Kg7 46. Qc6 Qe7 47.
Qd5 h6 48. Kg2 Qg5+ 49. Qxg5 hxg5 50. Kg3 Kf7 51. Kg4 Kf6 52. Kf3 Kf5 0-1

[Event "ch-FRA Blitz Online Qual"]
[Site "Europe-Chess INT"]
[Date "2020.05.16"]
[Round "6"]
[White "Morais, Mario"]
[Black "Claverie, Christophe"]
[Result "0-1"]
[BlackTitle "IM"]
[WhiteElo "2061"]
[BlackElo "2304"]
[WhiteFideId "614270"]
[BlackFideId "605514"]
[EventDate "2020.05.16"]

1. d4 Nf6 2. Nc3 d5 3. Bg5 c6 4. Bxf6 exf6 5. e3 f5 6. Bd3 g6 7. h4 h5 8. Qf3
Nd7 9. Nge2 Nf6 10. Nf4 Qb6 11. O-O-O Bd6 12. g3 Bd7 13. Rhe1 O-O-O 14. Nh3 Rhe8
15. Ng5 Re7 16. Ne2 Qa5 17. Kb1 Kb8 18. Nf4 Be8 19. c4 Ne4 20. cxd5 Nd2+ 21.
Rxd2 Qxd2 22. Rd1 Qa5 23. e4 fxe4 24. Bxe4 Bxf4 25. Qxf4+ Qc7 26. Qf3 f5 27. Bc2
Rxd5 28. Bb3 Rd6 29. d5 cxd5 30. Bxd5 Bc6 31. Bxc6 Qxc6 32. Qf4 Rd7 33. Nf7 Qe4+
34. Qxe4 Rxd1+ 35. Kc2 fxe4 0-1

[Event "ch-FRA Blitz Online Qual"]
[Site "Europe-Chess INT"]
[Date "2020.05.16"]
[Round "6"]
[White "Rode, Antony"]
[Black "Szajbely, Zsigmond"]
[Result "0-1"]
[BlackTitle "FM"]
[WhiteElo "2055"]
[BlackElo "2260"]
[WhiteFideId "626236"]
[BlackFideId "711691"]
[EventDate "2020.05.16"]

1. e4 c5 2. Nf3 d6 3. Bb5+ Bd7 4. Bxd7+ Qxd7 5. c4 Nc6 6. d4 cxd4 7. Nxd4 Nf6 8.
Nc3 g6 9. f3 Bg7 10. Be3 O-O 11. O-O a6 12. Rc1 e6 13. Nxc6 bxc6 14. Qd2 Rab8
15. b3 d5 16. cxd5 cxd5 17. exd5 exd5 18. Bd4 Rfd8 19. Rfd1 Qe6 20. Ne2 Rb5 21.
Nf4 Qf5 22. Ne2 Bf8 23. Rc6 Nd7 24. Rxa6 Re8 25. Ng3 Bb4 26. Qf2 Qf4 27. a4 Rb7
28. Qc2 Re1+ 29. Rxe1 Qxd4+ 30. Kf1 Bxe1 31. Qc8+ Kg7 32. Kxe1 Qb4+ 33. Kf2 Qd2+
34. Ne2 Rxb3 35. Qxd7 Qe3+ 36. Kg3 Qxe2 37. Qxd5 Qxa6 38. Qd4+ Qf6 39. Qc4 Rb6
40. h3 Rc6 41. Qb4 Qd6+ 42. f4 Qxb4 0-1

[Event "ch-FRA Blitz Online Qual"]
[Site "Europe-Chess INT"]
[Date "2020.05.16"]
[Round "6"]
[White "Le Goff, Damien"]
[Black "Kuhn, Clement"]
[Result "1-0"]
[WhiteTitle "FM"]
[BlackTitle "CM"]
[WhiteElo "2281"]
[BlackElo "2150"]
[WhiteFideId "634808"]
[BlackFideId "36099775"]
[EventDate "2020.05.16"]

1. e4 c5 2. Nf3 Nc6 3. d4 cxd4 4. Nxd4 e5 5. Nb5 d6 6. N1c3 a6 7. Na3 b5 8. Nd5
Nge7 9. c4 Nd4 10. Bd3 Nxd5 11. exd5 Be7 12. O-O O-O 13. Be3 Nf5 14. Bd2 bxc4
15. Nxc4 Nd4 16. a4 Bb7 17. a5 f5 18. Nb6 Rb8 19. f4 e4 20. Bc4 Bf6 21. Be3 Nb5
22. Qe2 Qe8 23. Rac1 Bd8 24. Rc2 Bxb6 25. axb6 Rc8 26. Rfc1 Qf7 27. Bxb5 Rxc2
28. Rxc2 axb5 29. Qxb5 Bxd5 30. Rc7 Qe6 31. b7 Rb8 32. Bd4 e3 33. Rc8+ Kf7 34.
Rxb8 e2 35. Qe8+ Qxe8 36. Rxe8 Bxb7 37. Rxe2 d5 38. Rc2 Kg6 39. Rc7 Ba6 40. Rc6+
Kh5 41. Rxa6 g6 42. h3 h6 43. Bg7 Kh4 44. Kh2 Kh5 45. Bd4 Kh4 46. Rxg6 Kh5 47.
g4+ fxg4 48. hxg4+ Kh4 49. Bf6# 1-0